000 00451nam a2200181Ia 4500
001 2973
005 20260306144846.0
008 260306t2012||||xx |||||||||||||| ||spa||
041 _aESP
082 _a237.9
_bV538
100 _aNguyen Van Thuan, Francisco Javíer
_eAUT
245 0 _aPeregrinos por el camino de la esperanza
260 _c2012
300 _a521 páginas :
_c21 cm.
650 _aGEN
654 _aCHU
942 _cLIB
_dJUS
_fJUS
_2ddc
_n
999 _c2973
_d2973